000 04295cam a22013334i 4500
003 PE-LiUPU
005 20250813185624.0
008 150706s2012 pe a rb 000 0 spa d
020 _a9786124118289
035 _a(Sirsi) i9786124118289
040 _aPE-LiUPU
_bspa
_cPE-LiUPU
_erda
049 _aPRUA
082 0 4 _a346.06
_bN82
_221
082 0 4 _a346.06
_bN82 2012
100 1 _aNorthcote Sandoval, Cristhian,
_eautor.
245 1 0 _aManual práctico de la ley general de sociedades /
_cCristhian Northcote Sandoval, José Luis García Quispe y Mónica Tambini Ávila.
264 1 _aLima :
_bInstituto Pacífico,
_c2012.
300 _a1000 páginas :
_bilustraciones ;
_c25 centímetros.
336 _atext
_2rdacontent
337 _aunmediated
_2rdamedia
338 _avolume
_2rdacarrier
505 0 _aLey general de sociedades -- Comentarios -- Concordancias -- Jurisprudencias -- Sumillas -- Ley de la Empresa individual de responsabilidad limitada -- Comentarios -- Concordancias -- Sumillas -- Reglamento de registro de sociedades -- Concordancias -- Modelos de constitución de sociedad , actos y procedimientos societarios y aplicación contable.
526 _aP202
526 _aP201
526 _aP163
526 _aP162
526 _aP161
526 _aP160
526 _aP148
526 _aP147
526 _aP146
526 _aP145
526 _aP144
526 _aP143
526 _aP142
526 _aP141
526 _aP140
526 _aP139
526 _aP138
526 _aP137
526 _aP136
526 _aP135
526 _aP134
526 _aP133
526 _aP129
526 _aP128
526 _aP127
526 _aP120
526 _aP119
526 _aP118
526 _aP116
526 _aP115
526 _aP114
526 _aP110
526 _aP109
526 _aP108
526 _aP104
526 _aP103
526 _aP102
526 _aP99
526 _aP98
526 _aP97
526 _aP96
526 _aP95
526 _aP93
526 _aP90
526 _aP89
526 _aP88
526 _aP83
526 _aP82
526 _aP62
526 _aP59
526 _aP58
526 _aP57
526 _aP51
526 _aP49
526 _aP48
526 _aP47
526 _aP29
526 _aP24
526 _aP20
526 _aP19
526 _aP17
526 _aP15
526 _aP14
526 _aP12
526 _aP10
526 _aP09
526 _aP08
526 _aP07
526 _aP06
526 _aP05
526 _aP04
526 _aP01
541 _g001-000010;
541 _g001-0037258;
610 2 _aPerú. Ley General de Sociedades : Ley N° 26887 (1997).
650 0 4 _aSociedades mercantiles
_xLegislación
_zPerú .
650 0 4 _aLey general de sociedades.
700 1 _aGarcía Quispe, José Luis,
_eautor.
700 1 _aTambini Ávila, Mónica,
_eautor.
910 _agl
_cng
_d20130704
910 _btqv
_cwelc
_d20161123
942 _2ddc
_cBOOK
949 _a346.06 N82
_wDEWEY
_c1
_i67942
_lCCODEBUL1
_mBUL
_p81.00
_r0
_sY
_tBOOK
_u2015-7-6
_xFCE
_PP08
_o.STAFF. Colección General
949 _a346.06 N8
_wDEWEY
_c2
_i67879
_lCCODEBUL1
_mBUL
_p80.00
_r0
_sY
_tBOOK
_u2015-7-6
_xFCE
_PP08
_o.STAFF. Colección General
949 _a346.06 N82 2012
_wDEWEY
_c1
_iFJ04429
_lCCODEBUJ1
_mBUJ
_p80.00
_r0
_sY
_tBOOK
_u2016-11-23
_xFCE
_PP04
_0COMPRA
_o.STAFF. Colección General Juliaca
994 _aC0
_bPEPRU
596 _a1 3
999 _a346.06 N82
_wDEWEY
_c55389
_i67942
_d55389
_e2017-4-26
_f2021-11-5
_g6
_lCCODEBUL1
_mBUL
_n16
_p81.00
_q2
_r0
_sY
_tBOOK
_u2015-7-6
_xFCE
_PP08
_0COMPRA
_o.STAFF. Colección General
999 _a346.06 N8
_wDEWEY
_c2
_i67879
_d2018-11-15
_e2018-11-13
_f2021-11-5
_g6
_lCCODEBUL1
_mBUL
_n14
_p80.00
_q2
_r0
_sY
_tBOOK
_u2015-7-6
_xFCE
_PP08
_0COMPRA
_o.STAFF. Colección General
999 _a346.06 N82 2012
_wDEWEY
_c1
_iFJ04429
_d2019-8-26
_e2019-5-22
_f2022-1-18
_g4
_lCCODEBUJ1
_mBUJ
_n11
_p80.00
_q4
_r0
_sY
_tBOOK
_u2015-10-7
_xFCE
_PP04
_0COMPRA
_o.STAFF. Colección General Juliaca
980 _81
_gALBERTO SANCHEZ Responsable de Automatización